00000000nam 2200000za 4500
0019.644619
003CaOODSP
00520241122153753
007ta
008150407s1992||||xxc|||||     f|0| 0 eng d
020 |a0-662-20087-X
040 |aCaOODSP|beng
043 |an-cn---
0861 |aCo22-121/1992E
1101 |aCanada. |bCommunications Canada.
24510|aBuilding partnerships: television in transition : |bReports produced following the Television Industry Summit of December 1991
260 |aOttawa - Ontario : |bCommunications Canada |c1992.
300 |a143p. : |bfigs. ; |c28 cm.
563 |aSoftcover
590 |a92-45|b1992-11-06
69007|aTelevision|2gcpds
77508|tPartenaires pour le changement: la télévision en transition : |w(CaOODSP)9.678447
7760#|tBuilding partnerships : |w(CaOODSP)9.945456